| 000 | 00504nam a2200181Ia 4500 | ||
|---|---|---|---|
| 003 | GCL | ||
| 008 | 140319s9999 xx 000 0 eng d | ||
| 040 |
_aGCL / _cGCL |
||
| 082 | 0 | 4 |
_a617.024 _bB S |
| 100 | 1 | _aBULL, MICHEL | |
| 245 | 1 | 0 |
_aSURGICAL PROCEDVRES IN PRIMARY CARE AN ILLUSTRATED GUIDE / _cBULL, MICHEL |
| 700 | 1 | _aGARDINER, PETER | |
| 260 |
_a[S.N] : _bOXFORD UNIVERSITY PRESS ، _c1994 |
||
| 300 | _a118 P | ||
| 650 | 0 | 4 | _aSURGERY MINOR |
| 650 | 0 | 4 | _aMETHODS - HANDBOOKS |
| 942 |
_2ddc _cBK |
||
| 999 |
_c10861 _d10861 |
||